|
|
|
|
| LEADER |
00712nta a2200205 i 4500 |
| 001 |
dokt7813 |
| 005 |
20221010100022.0 |
| 008 |
221010s1977 hu om 0|| hun d |
| 040 |
|
|
|a SZTE Doktori Repozitórium
|b hun
|
| 041 |
|
|
|a hun
|
| 100 |
1 |
|
|a Deák Ferenc
|
| 245 |
1 |
0 |
|a Patkány máj tirozin
|h [elektronikus dokumentum] :
|b tRNS ligáz tisztítása és néhány tulajdonsága /
|c Deák Ferenc
|
| 260 |
|
|
|c 1977
|
| 502 |
|
|
|a Disszertacio
|
| 650 |
|
4 |
|a biológiai tudományok
|
| 650 |
|
4 |
|a Természettudományok
|
| 650 |
|
4 |
|a Biokémia és molekuláris biológia
|
| 695 |
|
|
|a Biokémia
|
| 700 |
1 |
|
|a Dénes Géza
|e ths
|
| 856 |
4 |
0 |
|u https://doktori.bibl.u-szeged.hu/id/eprint/7813/1/1977_deak_ferenc.pdf
|z Dokumentum-elérés
|